[Event "Buenos Aires Ramos Memorial"]
[Site "Buenos Aires"]
[Date "2024.03.29"]
[Round "2"]
[White "Nadjarian, Osvaldo"]
[Black "Tupilojon, Agustin"]
[Result "1-0"]
[WhiteElo "1981"]
[BlackElo "1838"]
[PlyCount "39"]
[EventDate "2024.03.29"]
[EventType "swiss"]
[EventRounds "6"]
[EventCountry "ARG"]
[SourceTitle "CB14_2024"]
[SourceDate "2024.04.01"]
[SourceVersion "1"]
[SourceVersionDate "2024.04.01"]
[SourceQuality "1"]

1. d4 Nf6 2. c4 e6 3. Nf3 Bb4+ 4. Bd2 Nc6 5. g3 0-0 6. Bg2 d5 7. 0-0 Bxd2 8. Nbxd2 a5 9. Rc1 Bd7 10. Qc2 Ne7 11. Rfd1 b5 12. cxd5 Nexd5 13. a3 Ra7 14. Ne5 Be8 15. Qc5 Nb6 16. Nc6 Bxc6 17. Bxc6 Qd6 18. Bxb5 Rd8 19. Nc4 Qxc5 20. dxc5 1-0